| 000 | 00506nam a2200193Ia 4500 | ||
|---|---|---|---|
| 008 | 220216s9999 xx 000 0 und d | ||
| 100 | _aMathur M L | ||
| 245 | 0 | _aQuarternary ammonium salts: new curatives for vulcanization of natural rubber | |
| 260 |
_bRubber World _c1996 |
||
| 300 | _a34-36 | ||
| 500 | _aSource Year: 1996 | ||
| 650 | _aNatural rubber | ||
| 650 | _aVulcanization | ||
| 700 | _aArabinda B | ||
| 700 | _aChandra K | ||
| 700 | _aMukhopadhyay R | ||
| 856 | _uIRRDB | ||
| 942 | _cJS | ||
| 999 |
_c66216 _d66216 |
||